[Event "Corsica-chT"]
[Site "Bastia"]
[Date "2012.06.03"]
[Round "2.1"]
[White "Camblan, Roger"]
[Black "Massoni, Michael"]
[Result "0-1"]
[WhiteElo "1568"]
[BlackElo "2360"]
[PlyCount "24"]
[EventDate "2012.06.02"]
[EventType "team-match"]
[EventRounds "2"]
[EventCountry "FRA"]
[SourceTitle "EXT 2013"]
[Source "ChessBase"]
[SourceDate "2012.11.22"]
[SourceVersion "1"]
[SourceVersionDate "2012.11.22"]
[SourceQuality "1"]

1. c4 e5 2. Nc3 Nf6 3. Nf3 Nc6 4. g3 d5 5. cxd5 Nxd5 6. Bg2 Nb6 7. d3 Be7 8. 0-0 g5 9. Ne4 g4 10. Nfd2 Be6 11. b3 h5 12. f3 Qd4+ 0-1

[Event "Corsica-chT"]
[Site "Bastia"]
[Date "2012.06.02"]
[Round "1.1"]
[White "Massoni, Michael"]
[Black "Camblan, Roger"]
[Result "1-0"]
[WhiteElo "2360"]
[BlackElo "1568"]
[PlyCount "55"]
[EventDate "2012.06.02"]
[EventType "team-match"]
[EventRounds "2"]
[EventCountry "FRA"]
[SourceTitle "EXT 2013"]
[Source "ChessBase"]
[SourceDate "2012.11.22"]
[SourceVersion "1"]
[SourceVersionDate "2012.11.22"]
[SourceQuality "1"]

1. e4 e5 2. Nf3 Nf6 3. d4 exd4 4. e5 Ne4 5. Qxd4 d5 6. exd6 Nxd6 7. Bd3 Nc6 8. Qf4 Be6 9. 0-0 Be7 10. Bd2 Bf6 11. Bc3 Bxc3 12. Nxc3 Qd7 13. Rfe1 0-0-0 14. b4 Ne7 15. b5 Nd5 16. Nxd5 Bxd5 17. Ne5 Qe6 18. c4 f6 19. Nc6 Be4 20. Nxd8 Kxd8 21. Rxe4 Nxe4 22. Qxe4 Qxe4 23. Bxe4 Kc8 24. Rd1 g6 25. c5 b6 26. cxb6 axb6 27. Bc6 Rd8 28. Bb7+ 1-0

[Event "Bastia CC Summer op 9th"]
[Site "Bastia"]
[Date "2011.06.30"]
[Round "6"]
[White "Battesti, Marc Andria"]
[Black "Camblan, Roger"]
[Result "1-0"]
[WhiteElo "1988"]
[BlackElo "1603"]
[PlyCount "79"]
[EventDate "2011.06.23"]
[EventType "swiss"]
[EventRounds "7"]
[EventCountry "FRA"]
[SourceTitle "EXT 2012"]
[Source "ChessBase"]
[SourceDate "2011.11.24"]
[SourceVersion "1"]
[SourceVersionDate "2011.11.24"]
[SourceQuality "1"]

1. e4 d6 2. d4 Nf6 3. Nc3 g6 4. f4 Bg7 5. Nf3 0-0 6. Bd3 c5 7. dxc5 dxc5 8. 0-0 Nc6 9. Be3 b6 10. h3 Nb4 11. Qe2 Nxd3 12. cxd3 Bb7 13. Rad1 e6 14. g4 h6 15. Bc1 Qe7 16. Qe3 Rad8 17. Ne2 h5 18. g5 Nd7 19. Ng3 Bd4 20. Nxd4 cxd4 21. Qxd4 Qc5 22. Be3 Qe7 23. Qc3 Rc8 24. Qd2 Rfd8 25. b4 Rc6 26. Qb2 f6 27. h4 e5 28. f5 Kh7 29. Qe2 Rh8 30. b5 Rd6 31. fxg6+ Kxg6 32. Nf5 Qe6 33. Qg2 Kf7 34. g6+ Kg8 35. g7 Rh7 36. Qg6 Bxe4 37. dxe4 Rxd1 38. Rxd1 Qf7 39. Qxf7+ Kxf7 40. Rxd7+ 1-0

[Event "Bastia CC Summer op 9th"]
[Site "Bastia"]
[Date "2011.06.29"]
[Round "5"]
[White "Camblan, Roger"]
[Black "Utrera, Ludovic"]
[Result "0-1"]
[WhiteElo "1603"]
[BlackElo "1870"]
[PlyCount "76"]
[EventDate "2011.06.23"]
[EventType "swiss"]
[EventRounds "7"]
[EventCountry "FRA"]
[SourceTitle "EXT 2012"]
[Source "ChessBase"]
[SourceDate "2011.11.24"]
[SourceVersion "1"]
[SourceVersionDate "2011.11.24"]
[SourceQuality "1"]

1. c4 e5 2. Nc3 Nc6 3. Nf3 Bc5 4. d3 h6 5. g3 Nf6 6. Bg2 d6 7. 0-0 Bg4 8. h3 Be6 9. Nd2 Qd7 10. Kh2 0-0-0 11. Nde4 Nxe4 12. Nxe4 f5 13. Nxc5 dxc5 14. Qa4 e4 15. Be3 g5 16. dxe4 f4 17. Bxc5 Qf7 18. Rac1 Qh5 19. Qc2 Bxh3 20. Bxh3+ g4 21. Rh1 gxh3 22. b4 fxg3+ 23. fxg3 Ne5 24. Rcf1 Ng4+ 25. Kg1 h2+ 26. Kg2 Qxc5 27. bxc5 Ne3+ 28. Kxh2 Nxc2 29. Rf4 Rd2 30. Kh3 Rxe2 31. Rh2 Rxh2+ 32. Kxh2 Kd7 33. e5 Re8 34. Re4 Nb4 35. Kh3 Nc6 36. e6+ Rxe6 37. Rf4 Ne5 38. Kh4 Ng6+ 0-1

[Event "Bastia CC Winter op 34th"]
[Site "Bastia"]
[Date "2009.01.21"]
[Round "4"]
[White "Camblan, Roger"]
[Black "Cesari, Cathy"]
[Result "1-0"]
[WhiteElo "1664"]
[BlackElo "1439"]
[PlyCount "81"]
[EventDate "2009.01.18"]
[EventType "swiss"]
[EventRounds "7"]
[EventCountry "FRA"]
[SourceTitle "EXT 2010"]
[Source "ChessBase"]
[SourceDate "2010.11.25"]
[SourceVersion "1"]
[SourceVersionDate "2010.11.25"]
[SourceQuality "1"]

1. c4 e6 2. Nc3 Nf6 3. g3 d5 4. cxd5 Nxd5 5. Qc2 g6 6. Bg2 c6 7. Nf3 Bg7 8. 0-0 0-0 9. a3 Re8 10. e4 Nxc3 11. dxc3 e5 12. Be3 Be6 13. Rad1 Nd7 14. Bc5 b6 15. Bd6 Qf6 16. Nd2 Nc5 17. b4 Nb7 18. f4 Bf8 19. Bxe5 Qe7 20. f5 Bxf5 21. exf5 Qxe5 22. fxg6 hxg6 23. Bxc6 Re7 24. Nf3 Qe3+ 25. Kh1 Rd8 26. Rde1 Qd3 27. Qxd3 Rxd3 28. Rxe7 Bxe7 29. Bxb7 Rxc3 30. Ne5 f5 31. Nxg6 Bg5 32. Rxf5 Bc1 33. Bd5+ Kg7 34. Nf4 Rxa3 35. Kg2 Ra4 36. b5 Bxf4 37. Rxf4 Ra2+ 38. Rf2 Ra5 39. Bc4 Ra4 40. Bf1 Re4 41. h3 1-0

[Event "Corsica CC op 32th"]
[Site "Bastia"]
[Date "2008.12.05"]
[Round "?"]
[White "Kirilov, Yordan"]
[Black "Camblan, Roger"]
[Result "0-1"]
[WhiteElo "1634"]
[BlackElo "1620"]
[PlyCount "46"]
[EventDate "2008.11.08"]
[EventType "swiss"]
[EventRounds "5"]
[EventCountry "FRA"]
[SourceTitle "CBM 127 Extra"]
[Source "ChessBase"]
[SourceDate "2009.01.08"]
[SourceVersion "2"]
[SourceVersionDate "2009.01.28"]
[SourceQuality "1"]

1. e3 e5 2. a3 d5 3. d4 e4 4. f3 Nf6 5. fxe4 Nxe4 6. Nf3 Bg4 7. h3 Bh5 8. Nbd2 Bd6 9. Be2 Bg3+ 10. Kf1 Nf2 11. Qe1 Nxh1 12. Qd1 Nf2 13. Qe1 Ne4 14. Qd1 0-0 15. Nxe4 dxe4 16. Ng5 Qf6+ 17. Nf3 exf3 18. gxf3 Nc6 19. f4 Bxe2+ 20. Qxe2 Rad8 21. Qf3 Qh4 22. Ke2 Rfe8 23. Bd2 Nxd4+ 0-1

[Event "Bastia CC 20 years"]
[Site "Bastia"]
[Date "2008.11.05"]
[Round "?"]
[White "Leveque, Christophe"]
[Black "Camblan, Roger"]
[Result "0-1"]
[WhiteElo "1583"]
[BlackElo "1620"]
[PlyCount "78"]
[EventDate "2008.11.01"]
[EventType "swiss"]
[EventRounds "9"]
[EventCountry "FRA"]
[SourceTitle "CBM 127 Extra"]
[Source "ChessBase"]
[SourceDate "2009.01.08"]
[SourceVersion "2"]
[SourceVersionDate "2009.01.28"]
[SourceQuality "1"]

1. c4 b6 2. Nc3 c5 3. e4 Nc6 4. d3 e6 5. g3 Bb7 6. Bg2 Rb8 7. Nge2 Be7 8. 0-0 Bf6 9. f4 Bd4+ 10. Nxd4 Nxd4 11. Be3 Ne7 12. Bxd4 cxd4 13. Nb5 Nc6 14. Nd6+ Ke7 15. Nxb7 Qc7 16. e5 Rxb7 17. b4 Rbb8 18. a3 h5 19. Rc1 Rhg8 20. b5 Na5 21. Qd2 f5 22. exf6+ gxf6 23. Qf2 Qd6 24. h3 Qxa3 25. Qxd4 Nb3 26. Qc3 Qc5+ 27. Kh2 Nxc1 28. Qxc1 f5 29. Rf3 h4 30. Qa1 Qc7 31. g4 fxg4 32. hxg4 Rh8 33. Kh3 Rh7 34. g5 e5 35. Re3 d6 36. Qa3 Qd7+ 37. Kh2 Kd8 38. Bh3 Qc7 39. Qc3 exf4 0-1

[Event "Bastia July op"]
[Site "Bastia"]
[Date "2008.07.28"]
[Round "4"]
[White "Camblan, Roger"]
[Black "Schwarzkopf, Ludwig"]
[Result "0-1"]
[WhiteElo "1499"]
[BlackElo "1616"]
[PlyCount "100"]
[EventDate "2008.07.23"]
[EventType "swiss"]
[EventRounds "7"]
[EventCountry "FRA"]
[SourceTitle "EXT 2010"]
[Source "ChessBase"]
[SourceDate "2010.11.25"]
[SourceVersion "1"]
[SourceVersionDate "2010.11.25"]
[SourceQuality "1"]

1. d4 d5 2. c4 c6 3. Nc3 Nf6 4. Qc2 g6 5. e4 dxe4 6. Nxe4 Bf5 7. Nxf6+ exf6 8. Qe2+ Be7 9. Bh6 Qxd4 10. Nf3 Qb6 11. Bg7 Rg8 12. Bxf6 Qb4+ 13. Bc3 Qd6 14. Rd1 Qe6 15. a3 c5 16. Qxe6 Bxe6 17. Be2 Nd7 18. Ne5 Nb6 19. b3 Bf6 20. 0-0 Nd7 21. Nxd7 Bxc3 22. Nxc5 b6 23. Nxe6 fxe6 24. Rd3 Bg7 25. Rfd1 Rf8 26. Bg4 e5 27. Bd7+ Ke7 28. Bc6 Rad8 29. Bd5 Rf4 30. g3 Rd4 31. f3 Kd6 32. b4 b5 33. Be4 bxc4 34. R3d2 Kc7 35. Rxd4 exd4 36. Rc1 c3 37. Bd3 Re8 38. Kf2 Re3 39. Be4 Kb6 40. a4 Bh6 41. f4 Rxe4 42. Rd1 c2 43. Rc1 d3 44. Kf3 Rxb4 45. Ke3 Rb3 46. h4 Bf8 47. h5 Bb4 48. Kd4 Bd2 49. Kc4 Ra3 50. a5+ Kxa5 0-1